Statistiques concernant Les 44 provinces de l'Empire romain à son apogée

Cliquez ici pour prendre le quiz!

Statistiques générales

  • Ce quiz a été pris 312 fois
  • Le résultat moyen est 20 sur 44

Statistiques - réponses

Province% Correct
EÉgypte
81%
GGaule cisalpine
73%
BBretagne
71%
IItalie
71%
GGermanie inférieure
69%
GGermanie supérieure
69%
BBelgique
66%
SSicile
59%
LLusitanie
58%
SSardaigne
55%
AAfrique proconsulaire
54%
MMacédoine
54%
NNarbonnaise
53%
CCorse
52%
DDacie
52%
SSyrie
52%
TThrace
52%
DDalmatie
51%
LLyonnaise
51%
AAquitaine
49%
AAsie
49%
MMaurétanie
47%
CChypre
41%
CCrête
41%
PPannonie
41%
AArabie
40%
CCyrénaïque
40%
BBithynie-et-Pont
39%
AArménie
37%
BBétique
37%
AAchaïe
35%
NNumidie
33%
CCappadoce
32%
CCilicie
32%
MMésie inférieure
32%
MMésie supérieure
32%
MMésopotamie
32%
EÉpire
31%
NNorique
31%
GGalatie
30%
RRhétie
30%
TTarraconaise
28%
AAssyrie
20%
PPamphylie
9%

Distribution des résultats

Percentile par nombre de réponses

% des personnes avec chaque résultat

Votre développement - résultats

Vous n’avez pas pris ce quiz